Catalog

Record Details

Catalog Search



Available copies

  • 1 of 1 copy available at LARL/NWRL Consortium.

Current holds

0 current holds with 1 total copy.

Show Only Available Copies
Location Call Number / Copy Notes Barcode Shelving Location Status Due Date
Greenbush Public Library COA (Text) 35500006892374 Main Available -

Record details

  • ISBN: 9781728221786
  • ISBN: 1728221781
  • Physical Description: 267 pages ; 21 cm
  • Publisher: Naperville, Illinois : Poisoned Pen Press, [2020]

Content descriptions

General Note:
"Originally self-published in 2016 by Black Owl Books."
Summary, etc.:
"Sophie's world is shattered when disaster ... Read More
Subject: Husband and wife > Fiction.
Haunted houses > Fiction.
Husband and wife.
Haunted houses.
Genre: Horror fiction.
Ghost stories.
Fiction.
Horror tales.
Ghost stories.
Horror fiction.
Ghost stories.
LDR 02698cam a2200601 i 4500
001473450
003LARL_NWRL_CONSORTIUM
00520251020143425.0
008191209s2020 ilu 001 0 eng
010 . ‡a 2019056936
040 . ‡aDLC ‡beng ‡erda ‡cDLC ‡dUKMGB ‡dOCLCF ‡dCMI ‡dOJ4 ‡dIUI ‡dKYC ‡dDLC ‡dOCLCO ‡dIG# ‡dOCLCL
015 . ‡aGBC047470 ‡2bnb
0167 . ‡a019758143 ‡2Uk
019 . ‡a1154620543
020 . ‡a9781728221786 ‡q(softcover)
020 . ‡a1728221781
035 . ‡a(OCoLC)1119766292 ‡z(OCoLC)1154620543
042 . ‡apcc
08200. ‡a823/.92 ‡223 ‡1https://id.oclc.org/worldcat/ddc/E3Qm8MMjKGfpCQQfhcCHtHwrCD
1001 . ‡aCoates, Darcy, ‡eauthor.
24510. ‡aHouse of shadows / ‡cDarcy Coates.
264 1. ‡aNaperville, Illinois : ‡bPoisoned Pen Press, ‡c[2020]
300 . ‡a267 pages ; ‡c21 cm
336 . ‡atext ‡btxt ‡2rdacontent
337 . ‡aunmediated ‡bn ‡2rdamedia
338 . ‡avolume ‡bnc ‡2rdacarrier
4900 . ‡aGhosts and shadows ; ‡v1
500 . ‡a"Originally self-published in 2016 by Black Owl Books."
520 . ‡a"Sophie's world is shattered when disaster bankrupts her family. Marrying the mysterious Mr. Argenton may restore her family's fortunes and save them from scandal, but it condemns Sophie to a life in Northwood, a vast and unnaturally dark mansion situated hours from civilization. Still, she must do her duty. As time passes, Sophie struggles to adjust to her new position as mistress over the desolate house. Mr. Argenton's relatives are cold, and Mr. Argenton himself is keeping secrets. Even worse, the house is more than it seems..."-- ‡cProvided by publisher.
650 0. ‡aHusband and wife ‡vFiction. ‡0(LARL_NWRL_CONSORTIUM)172467
650 0. ‡aHaunted houses ‡vFiction. ‡0(LARL_NWRL_CONSORTIUM)165558
650 7. ‡aHusband and wife. ‡2fast ‡0(LARL_NWRL_CONSORTIUM)22598
650 7. ‡aHaunted houses. ‡2fast ‡0(LARL_NWRL_CONSORTIUM)36409
655 7. ‡aHorror fiction. ‡2fast
655 7. ‡aGhost stories. ‡2fast
655 7. ‡aFiction. ‡2fast
655 7. ‡aHorror tales. ‡2fast
655 7. ‡aGhost stories. ‡2gsafd
655 7. ‡aHorror fiction. ‡2lcgft
655 7. ‡aGhost stories. ‡2lcgft
901 . ‡a473450 ‡bAUTOGEN ‡c473450 ‡tbiblio

Additional Resources